Comentarios a los cuatro Evangelios. (Record no. 170743)

MARC details
000 -LEADER
campo de control de longitud fija 00984nam a2200229 i 4500
001 - NÚMERO DE CONTROL
campo de control 170743
003 - IDENTIFICADOR DE NÚMERO DE CONTROL
campo de control ES-MaACL
005 - FECHA Y HORA DE LA ÚLTIMA TRANSACCIÓN
campo de control 20251012191942.0
008 - DATOS DE LONGITUD FIJA--INFORMACIÓN GENERAL
campo de control de longitud fija 090402s1951 sp b |||| | spa d
100 1# - ENTRADA PRINCIPAL--NOMBRE DE PERSONA
Nombre de persona Maldonado, Juan de,
Fechas asociadas al nombre 1533-1583
9 (RLIN) 162949
245 10 - MENCIÓN DEL TÍTULO
Título Comentarios a los cuatro Evangelios.
Número de parte o sección de la obra II,
Nombre de parte o sección de la obra Evangelios de San Marcos y San Lucas /
Mención de responsabilidad, etc. Juan de Maldonado ; versión castellana con introducciones y notas por José Caballero.
246 30 - FORMA VARIANTE DEL TITULO
Título propio/Titulo breve Evangelios de San Marcos y San Lucas
260 ## - PUBLICACIÓN, DISTRIBUCIÓN, ETC.
Lugar de publicación, distribución, etc. Madrid :
Nombre del editor, distribuidor, etc. Editorial Católica,
Fecha de publicación, distribución, etc. 1951.
300 ## - DESCRIPCIÓN FÍSICA
Extensión XIII, 880 p., 14 mapas ;
Dimensiones 20 cm.
490 1# - MENCIÓN DE SERIE
Mención de serie Biblioteca de autores cristianos ;
Designación de volumen o secuencia 72
630 04 - PUNTO DE ACCESO ADICIONAL DE MATERIA--TÍTULO UNIFORME
Título uniforme Biblia.
Nombre de parte o sección de la obra N.T.
-- Evangelio según Marcos-
Subdivisión de forma Comentarios.
9 (RLIN) 139831
630 #0 - PUNTO DE ACCESO ADICIONAL DE MATERIA--TÍTULO UNIFORME
Título uniforme Biblia.
Nombre de parte o sección de la obra N.T.
-- Evangelio según Lucas-
Subdivisión de forma Comentarios.
9 (RLIN) 119296
700 1# - ENTRADA AGREGADA--NOMBRE PERSONAL
Nombre de persona Caballero, José,
Fechas asociadas al nombre 1899-1983
9 (RLIN) 138728
830 00 - PUNTO DE ACCESO ADICIONAL DE SERIE-TÍTULO UNIFORME
Título uniforme Biblioteca de autores cristianos
Designación de volumen o secuencia 72
9 (RLIN) 178679
852 ## - LOCALIZACIÓN
Ubicación ES-MaACL
Número de control de estantería J-70
Holdings
Estatus retirado Estado de pérdida Estado de daño No para préstamo Biblioteca de origen Biblioteca actual Ubicación en estantería Fecha de adquisición Fuente de adquisición Total de préstamos Signatura topográfica completa Código de barras Visto por última vez Precio de reemplazo Tipo de ítem Koha
        Biblioteca del Ateneo de Madrid Biblioteca del Ateneo de Madrid Depósito 2 02/04/2009     J-70 1179190 23/02/2023 23/02/2023 Libro impreso